00426 2200169 4500001002100000005001500021035002000036008004100056245005200097100001900149250000600168260003800174300001200212084001400224082000800238650001000246INLIS00000000000098020240530085600 a0010-0524000215240530 1 ind 1 aTime Meet Love One Step Closer /cAlfida Fawazi aFawazi, Alfida a1 aYogyakarta :bSheila/ Andi,c2015 a218 hlm a813 ALF t a813 4aFiksi